000 00371nam a2200145Ia 4500
008 230717s9999 xx 000 0 und d
020 _a81-87629-37-1
041 _aeng
082 _a342.54
_bSWA
100 _aSwarup, J
245 _aConstitutional Of India Vol-ii
250 _a2ed.
260 _aNew Delhi
_bModern Law Publications
_c2006
700 _a Singhvi, L, M
999 _c672149
_d672149